| 000 | 00874nam a22001937a 4500 | ||
|---|---|---|---|
| 005 | 20250805121919.0 | ||
| 010 | _aHIN-130105 | ||
| 020 |
_a9789391441159 _c225.00 |
||
| 035 | _aHN-102451 | ||
| 037 | _bDBAD | ||
| 082 | _aक | ||
| 100 |
_aकुमार, संजीव _983748 |
||
| 245 |
_aभारत की लोक कथायें: _cसंजीव कुमार _b सिंहासन बत्तीसी/ |
||
| 250 | _aप्रथम | ||
| 260 |
_aनोएडा _bइंडिया नेटबुक्स प्राइवेट लिमिटेड |
||
| 270 |
_aसी-122, सेक्टर 19, गौतमबुद्ध नगर, नोएडा _bनोएडा _e201301 _k+91120437693, 9873561826 _mindianetbooks@gmail.com |
||
| 300 |
_a115पृ. _c22सेमी(अजिल्द) |
||
| 942 |
_2ddc _cHN _hक _mकुमार |
||
| 999 |
_c212806 _d212806 |
||